Ignorance - Paramore - Statistics

General Stats
  • This quiz has been taken 52 times
  • The average score is 364 of 434
Answer Stats
Hint Answer % Correct
I
100%
the
100%
you
100%
your
100%
a
98%
don't
98%
Pre-Chorus Don't
98%
it
98%
it's
98%
like
98%
me
98%
my
98%
(No)
98%
no
98%
not
98%
we
98%
way
95%
go
93%
guess
93%
i'm
93%
same
93%
to
93%
we're
93%
be
90%
I'll
90%
i'll
90%
this
90%
Verse 2 This
90%
you're
90%
another
88%
bad
88%
can
88%
friend
88%
Verse 1 If
88%
if
88%
is
88%
person
88%
when
88%
hear
85%
jury
85%
on
85%
own
85%
time
85%
any
83%
best
83%
but
83%
can't
83%
circle
83%
cycle
83%
good
83%
Post-Chorus Ignorance
83%
ignorance
83%
make
83%
new
83%
out
83%
sad
83%
wanna
83%
well
83%
Chorus Well
83%
what's
83%
and
80%
just
80%
mean
80%
songs
80%
that
80%
anymore
78%
know
78%
stranger
78%
who
78%
change
76%
judge
76%
meet
76%
excite
73%
in
73%
life
73%
nice
73%
treat
73%
fault
71%
gavel
71%
gonna
71%
offense
71%
thing
71%
our
68%
where's
68%
names
66%
oh
66%
(Oh)
66%
Oh
66%
blood
63%
feel
63%
for
63%
have
63%
now
63%
pain
63%
sentence
63%
together
63%
happened
61%
sir
61%
take
61%
war
61%
wouldn't
61%
wrote
61%
made
59%
yeah
59%
accept
56%
fooled
56%
myself
56%
once
56%
rapture
56%
tricks
56%
fend
54%
longer
54%
won't
54%
could've
51%
get
51%
they
51%
from
49%
stick
49%
all
46%
anywhere
46%
memory
46%
'cause
44%
kid
44%
used
34%
friends
32%
stuck
32%
(Hey)
27%
swear
24%
jsut
2%
guwss
0%
togehter
0%
No matching quizzes found
Score Distribution
Percent of People with Each Score
Percentile by Number Answered
Your Score History
You have not taken this quiz